000 00730cab a2200241 4500
001 WB3036-57
008 090401t1994 xxu||||| |||| 00| 0 eng d
035 _a(Sirsi) u58356
041 _aeng
245 _aMilk market
260 _c1994
350 _a0
490 _aIrish Times
_v28 September 1994, 20(1)
520 _aDalgety`s annual management guide to UK dairy farm performance, predicts the profitability of many dairy farms could increase by 30% following the opening up of the milk market on 1 November.
650 _aAGRICULTURAL MARKET
650 _aDAIRY FARMS
650 _aDALGETY
650 _aMILK MARKET
650 _aMILK QUOTAS
690 _aRURAL PRACTICE
942 _n0
948 _c04/03/1997
999 _c35614
_d35614